Legal education : (Record no. 358323)
[ view plain ]
| 000 -LEADER | |
|---|---|
| fixed length control field | 00461nam a2200121Ia 4500 |
| 008 - FIXED-LENGTH DATA ELEMENTS--GENERAL INFORMATION | |
| fixed length control field | 180815s9999 xx 000 0 und d |
| 020 ## - INTERNATIONAL STANDARD BOOK NUMBER | |
| International Standard Book Number | 9789711504717 |
| 100 ## - MAIN ENTRY--PERSONAL NAME | |
| Personal name | Magallona, Merlin M. |
| 245 ## - TITLE STATEMENT | |
| Statement of responsibility, etc | Merlin M. Magallona.-- |
| Title | Legal education : |
| Remainder of title | the search for its strategic center in filipino cultural development / |
| 260 ## - PUBLICATION, DISTRIBUTION, ETC. (IMPRINT) | |
| Place of publication, distribution, etc | Quezon City : |
| Name of publisher, distributor, etc | University of the Philippines |
| Date of publication, distribution, etc | 2016 |
| 300 ## - PHYSICAL DESCRIPTION | |
| Extent | x, 71 pages. |
| 650 ## - SUBJECT ADDED ENTRY--TOPICAL TERM | |
| Topical term or geographic name as entry element | Law -- Study and Teaching -- Philippines. |
| Withdrawn status | Lost status | Damaged status | Home library | Current library | Shelving location | Date acquired | Source of acquisition | Total Checkouts | Full call number | Barcode | Date last seen | Price effective from | Koha item type |
|---|---|---|---|---|---|---|---|---|---|---|---|---|---|
| College Library | College Library | Filipiniana Section | 08/15/2018 | Library Fund | KPM 50 .M188 2016 | C21580 | 08/15/2018 | 08/15/2018 | Books |